| 000 | 01116nam a2200361 a 4500 | ||
|---|---|---|---|
| 001 | 57817 | ||
| 003 | CO-BoRNBP | ||
| 005 | 20250730172606.0 | ||
| 007 | ta | ||
| 008 | 880916s19871987sp a gr 00010 spa d | ||
| 020 | _a8437240174 | ||
| 020 | _a8420443751 | ||
| 040 |
_ala _bspa _cCO-BoBLA |
||
| 041 | 1 |
_aspa _heng |
|
| 043 | _an-us--- | ||
| 082 | 0 | 4 |
_aI813.5 _bB53a _219 ed. |
| 100 | 1 |
_aBlegvad, Leonore. _961714 |
|
| 245 | 1 | 0 |
_aAna Banana y yo / _ctexto de Lenore Blegvad ; ilustraciones de Erik Blegvad ; traducción de María Puncel. |
| 250 | _a1a. edición | ||
| 300 |
_a55 p : _bil ; _c18 cm. |
||
| 336 |
_2rdacontent _atexto _btxt |
||
| 337 |
_2rdamedia _asin mediación _bn |
||
| 338 |
_2rdacarrier _avolumen _bnc |
||
| 490 | 1 |
_aAltea Benjamín ; _v164 |
|
| 490 | 1 | _aInfantil Alfaguara | |
| 534 | _tAnna Banana and me. | ||
| 650 | 7 |
_aCuentos infantiles estadounidenses. _2BLAAUTO _9823 |
|
| 700 | 1 |
_aBlegvad, Erik, _d1923- _eil. _961715 |
|
| 700 | 1 |
_aPuncel, María, _d1927- _etr. _961716 |
|
| 830 | 0 |
_aLista Básica-Bibliotécas Públicas 1. _942791 |
|
| 942 |
_2ddc _cBK |
||
| 949 |
_an _bn |
||
| 999 |
_c57817 _d57817 |
||